| 000 | 00523nam a2200109Ia 4500 | ||
|---|---|---|---|
| 008 | 220620s9999||||xx |||||||||||||| ||und|| | ||
| 245 | 0 | _aBeyond Autonomy in Eighteenth-Century British and Germany Aesthetics | |
| 546 | _aEnglish[eng] | ||
| 650 | _aModern Philosophy, Aesthetics, 18th Century Literature, Philosophy of Art & Aesthetics, Philosophy of Literature, History of Philosophy, Literature & Philosophy, German Literature, British Literature | ||
| 700 | _aAxelsson, Karl||Flodin, Camilla||Pirholt, Mattias | ||
| 942 | _cEB | ||
| 999 |
_c24481 _d24481 |
||